| 000 | 00951 a2200217 4500 | ||
|---|---|---|---|
| 001 | 53052 | ||
| 005 | 20260407155804.0 | ||
| 008 | 260407a1981 arg spa d | ||
| 003 | AR-UNSa-BCEJYS | ||
| 040 |
_aAR-UNSa-BCEJYS _bspa _cAR-UNSa-BCEJYS |
||
| 080 |
_a330.101 _xCiencia económica en general. La economía y sus problemas. Objeto y métodos de la economía política |
||
| 245 | 1 | 0 | _aEconomía polìtica y política económica nacional |
| 264 | 1 |
_aBuenos Aires : _bHachette _c1981 |
|
| 300 |
_a169 p. _c20 cm. |
||
| 505 | _a1. La ciencia económica - 2. Problemas de macroeconomía - 3. El desarrollo económico - 4. La macroeconomía Argentina -5. Las perspectivas del desarrollo nacional en el mundo contemporáneo. | ||
| 041 | _aspa | ||
| 942 | _cBK | ||
| 590 | _aniveau_biblio:m niveau_hierar:0 | ||
| 100 | 1 | _aFrigerio, Rogelio | |
| 856 | 4 | 1 |
_uhttps://www.biblioeco.unsa.edu.ar/pmb/images/libros/L128427.jpg _yImagen de portada _qimage/jpeg |
| 999 |
_c5060 _d5060 |
||